• 首页
  • 本馆介绍
  • 公告通知
  • 最新文献
  • 馆藏检索
  • 电子资源
  • 读者导购
  • 参考咨询
  • 我的图书馆
  • 登录
  • 详细信息显示
  • 放入我的书架
  • 预约/预借图书
  • 作者相关作品
  • 分类相关作品
  • 丛书相关作品
  • 出版社相关作品

书目信息

  • 表格格式
  • 工作单格式
  • 卡片格式
题名:
城市公共空间湿地景观艺术
    
 
作者: 金萱 著
分册:  
出版信息: 北京   新华出版社  2021.3
页数: 179页
开本: 24cm
丛书名:
单 册:
中图分类: P941.78 , TU984.1
科图分类:
主题词: 沼泽化地--城市景观--景观设计--研究
电子资源:
ISBN: 978-7-5166-5207-7
000 01055nam0 2200253 45
001 012001000244
005 20140910173644.0
010    @a978-7-5166-5207-7@dCNY62.00
100    @a20210310d2021 em y0chiy50 ea
101 0  @achi
102    @aCN@b110000
105    @aa az 000yy
106    @ar
200 1  @a城市公共空间湿地景观艺术@Acheng shi gong gong kong jian shi di jing guan yi shu@f金萱著
210    @a北京@c新华出版社@d2021.3
215    @a179页@c图@d24cm
320    @a有书目 (第171-177页)
330    @a本书分别从环境生态价值、文化理念和艺术审美三个角度,阐述城市公共空间湿地景观的可持续性特点,详细介绍湿地景观艺术的生态价值与美学意蕴,并探讨其艺术设计手法,提出在生态的基础上建设具有文化和艺术价值的理想城市栖居地。以生态学为基础,以人工湿地技术为手段,以城市公共空间为舞台,从艺术设计的角度探讨湿地生态系统与城市景观的结合是本书的独特之处。
606 0  @a沼泽化地@x城市景观@x景观设计@x研究
690    @aP941.78@v5
690    @aTU984.1@v5
701  0 @a金萱@Ajin xuan@4著
801  0 @aCN@bBJSDL@c20211011
905    @b1330950-3@dP941.78@e204@f4
    
    城市公共空间湿地景观艺术/金萱著.-北京:新华出版社,2021.3
    179页:图;24cm
    
    
    ISBN 978-7-5166-5207-7:CNY62.00
    本书分别从环境生态价值、文化理念和艺术审美三个角度,阐述城市公共空间湿地景观的可持续性特点,详细介绍湿地景观艺术的生态价值与美学意蕴,并探讨其艺术设计手法,提出在生态的基础上建设具有文化和艺术价值的理想城市栖居地。以生态学为基础,以人工湿地技术为手段,以城市公共空间为舞台,从艺术设计的角度探讨湿地生态系统与城市景观的结合是本书的独特之处。
●
相关链接 在E读中查询图书 在五车中查询图书 在当当中查询图书 在豆瓣中查询图书


正题名:城市公共空间湿地景观艺术     索取号:P941.78/204         预约/预借

序号 登录号 条形码 馆藏地/架位号 状态 备注
1 1330950   213309506   第二样本阅览室/ [索取号:P941.78/204] 在馆    
2 1330951   213309515   第三借阅区/ [索取号:P941.78/204] 在馆    
3 1330952   213309524   第三借阅区/ [索取号:P941.78/204] 在馆    
4 1330953   213309533   第三借阅区/ [索取号:P941.78/204] 在馆    
唐山师范学院图书馆 欢迎您!
大连网信软件有限公司© 版权所有